=LDR 00000nam 2200000 4500 =001 INLIS000000000036389 =005 20130612142159 =008 ***********************************Ind** =035 ##$$0010-061300000036389 =041 ##$$a Ind =082 ##$$a 028.5 =090 ##$$a 028.5, Dam t =100 ##$$a Dami, Andrea =245 ##$$a Trevel back in with tomy wolf the romans, Andrea Dami ; alih bahasa, Ramayanti =260 ##$$a 2008 $b Jakarta =300 ##$$a 10 hlm, ilus, 31 cm =650 ##$$a Bacaan kanak-kanak =850 ##$$a NBPNMAT